00670nam a22001697a 4500003000400000008004100004020001800045082001700063100002000080245008200100260003300182300001600215650006900231942001200300999001700312952017100329OSt260627b |||||||| |||| 00| 0 eng d a9780367280543 a519.53bK49S aKim, Jae Kwang  aStatistical Methods for Handling Incomplete Data /by Jae Kwang Kim , Jun Shao aLondon: bCRC Press, c2022. axvi, 364 p. aPure Sciences | Mathematics | Statistics | Multivariate Analysis 2ddccBK c52405d52405 00102ddc4070aRAUbRAUcGENd2026-06-27eToday & Tomorrow Printers and Publishers g16093.00l0o519.53 K49Sp87602r2026-06-27w2026-01-29yBKkBill No. IN-00449